Statistiques concernant Culture Générale by PotiFlamby #2

Cliquez ici pour prendre le quiz!

Statistiques générales

  • Ce quiz a été pris 50 fois
    (18 depuis la dernière actualisation)
  • Le résultat moyen est 6 sur 20

Statistiques - réponses

QuestionRéponse% Correct
Avec quel autre personnage, Mario s'est associé dans un jeu sur les jeux olympiques ?Sonic
67%
Quel est le matériau dans lequel ont été préservé certains insectes préhistoriques ?Ambre
58%
A quelle dynastie, Clovis 1er appartenait-il ?Mérovingien
58%
Comment appelle-t-on le nombre qu'on divise lors d'une division ?Dividende
50%
Aux échecs, comment est appelée, une partie lorsqu'elle est nulle ?Pat
50%
A partir de quelle partie du corps de Zeus, Athéna est-elle née ?Tête | Crâne
50%
Où se sont déroulés les Jeux Olympiques d'hiver de 1992 ?Albertville
42%
Quel réalisateur du 20e siècle avait l'habitude de faire des caméos dans ses films ?Alfred Hitchcock
42%
Quel participant de "Koh-Lanta 2021 : La Légende" s'est fait éliminer de la compétition pour triche ?Teheiura
42%
Au football, comment appelle-t-on le joueur qui se situe entre la défense et le gardien ?Libéro
33%
Dans quelle région est située la ville de Sète ?Occitanie
25%
Dans quel pays est-il interdit d'avoir et de mâcher des chewing-gums ?Singapour
25%
Quel est le nom du style de codage utilisé dans le texte de la description ?César
8%
Qui est mort le 14 janvier 1986 à Gourma Rharous au Mali ?Daniel Balavoine
8%
Quel est le nom de la fée de la musique dans Winx ?Musa
8%
Quel pays à la frontière la moins grande du monde (un des deux) ?Botswana | Zambie
0%
Citez un des bains disponibles dans les thermes Romains ?Frigidarium | Natatio | Tepidarium | Laconicum | Sudatorium | Caldarium
0%
Quel est la peur des longs mots ? (min. 9 premières lettres)Hippopotomonstrosesquippedaliophobie
0%
Comment appelle-t-on dans l'Est de la France, les brioches en forme de bonhomme ?Mannala | Mannele
0%
Quel est le nom de la montre alien qu'utilise Ben 10 ?Omnitrix
0%

Distribution des résultats

Percentile par nombre de réponses

% des personnes avec chaque résultat

Votre développement - résultats

Vous n’avez pas pris ce quiz depuis la dernière actualisation